000 00607nam a22002297a 4500
003 UA-OsUOA
001 49347
007 ta
008 20071002b un ||||| |||| 00| 0 ukr d
100 _aЗаморий Т.
090 _a82.09
_bЗ-26
942 _cBK
040 _aUA-OsUOA
_brus
_cUA-OsUOA
_dUA-OsUOA
245 _aСовременный руский рассказ
300 _a252 с.
955 _a1
041 _arus
080 _a82.09
260 _aК.
_bНаукова думка
_c1968
650 7 _a82 Література. Літературознавство
_2UDC
999 _c335456
_d335456